Central Library OPAC University of Rajshahi

British pharmaceutical codex Supplement, 1976: (Record no. 77037)

MARC details
000 -LEADER
fixed length control field 01073nam a2200241 a 4500
001 - CONTROL NUMBER
control field 77037
003 - CONTROL NUMBER IDENTIFIER
rucl marc code BD-RjUL
005 - DATE AND TIME OF LATEST TRANSACTION
control field 20211209082923.0
008 - FIXED-LENGTH DATA ELEMENTS--GENERAL INFORMATION
fixed length control field 200216r19781975enk 000 0 eng
020 ## - INTERNATIONAL STANDARD BOOK NUMBER
International Standard Book Number 0853691010
035 ## - SYSTEM CONTROL NUMBER
System control number (BD-RjUL)
040 ## - CATALOGING SOURCE
Original cataloging agency DLC
Transcribing agency DLC
Modifying agency EQO
-- BD-RjUL
Language of cataloging eng
041 ## - LANGUAGE CODE
Language code of text/sound track or separate title eng
043 ## - GEOGRAPHIC AREA CODE
Geographic area code e-uk---
082 ## - DEWEY DECIMAL CLASSIFICATION NUMBER
Classification number 615.1141
Edition number 23
Author mark and year PHB 1978
110 20 - MAIN ENTRY--CORPORATE NAME
Corporate name or jurisdiction name as entry element Pharmaceutical Society of Great Britain.
Subordinate unit Department of Pharmaceutical Sciences.
9 (RLIN) 239459
245 10 - TITLE STATEMENT
Title British pharmaceutical codex Supplement, 1976:
Remainder of title A supplement of additions and amendments to the British Pharmaceutical Codex 1973 /
Statement of responsibility, etc. Prepared in the Department of Pharmaceutical Sciences of the Pharmaceutical Society of Great Britain
260 ## - PUBLICATION, DISTRIBUTION, ETC. (IMPRINT)
Place of publication, distribution, etc. London :
Name of publisher, distributor, etc. Pharmaceutical Press,
Date of publication, distribution, etc. 1975 [Impression 1978]
300 ## - PHYSICAL DESCRIPTION
Pagination xx, 50 p. ;
Size 26 cm.
500 ## - GENERAL NOTE
General note "Prepared in the Department of Pharmaceutical Sciences of the Pharmaceutical Society of Great Britain and published by direction of the Society's Council."
650 #0 - SUBJECT ADDED ENTRY--TOPICAL TERM
Topical term or geographic name as entry element Pharmacopoeias
Geographic subdivision Great Britain.
9 (RLIN) 239460
942 ## - ADDED ENTRY ELEMENTS (KOHA)
Source of classification or shelving scheme Dewey Decimal Classification
Koha item type Rare Books
Holdings
Lost status Source of classification or shelving scheme Damaged status Not for loan Collection code Permanent Location Current Location Shelving location Date acquired Source of acquisition Total Checkouts Full call number Date last seen Copy number Koha item type
  Dewey Decimal Classification   Not For Loan Rare Books Central Library, University of Rajshahi Central Library, University of Rajshahi Rare Book Section 22/10/1991 Rajshahi, British Council   RA 615.1141 PHB 1978 16/02/2020 C-1 Rare Books